Представление документа в формате RUSMARC

ПолеНазваниеЗначение
  Тип записи a
  Библиографический уровень m
001 Контрольный номер RU/ГПНТБ России/KNIGADB/84(2=411.2)/С 54-738284528
005 Дата корректировки 20201216162404.1
010 Индекс ISBN __
a ISBN 978-5-17-107965-9 (в пер.)
d Цена 200-00, 3000 экз.
100 Данные общей обработки __
a Данные общей обработки 19200319d2018 |||y0rusy0189 ca
101 Язык документа 0_
a Язык текста rus
102 Страна публикации __
a Страна публикации RU
102 Страна публикации __
a Страна публикации RU
105 Кодированные данные (монография) __
a Кодированные данные (монография) #|||||||000zy
200 Заглавие и сведения об ответственности 1_
a Заглавие Желтые розы для актрисы
e Сведения, относящиеся к заглавию [роман]
f Первые сведения об ответственности Лариса Соболева
203 Вид содержания и тип средства __
a Вид содержания Текст
c Тип средства непосредственный
210 Выходные данные __
a Место издания Москва
c Издательство АСТ
c Издательство Жанровая литература
d Дата издания 2018
215 Физическое описание __
a Объем 382, [1] с.
d Формат 21 см
225 Серия __
a Серия Детектив по новым правилам
330 Аннотация __
a Аннотация Саша - актриса небольшого провинциального театра. Многие коллеги завидуют ее успехам на сцене, но для Саши это мелочи - она любит свою работу и, в целом, очень довольна жизнью. Однажды у Саши появляется тайный поклонник, который регулярно присылает ей в подарок желтые розы. Не сразу замечает Саша, что цветы в букетах перевязаны траурной лентой, не сразу понимает, что это нехороший знак… И то, что казалось лишь странностями ее воздыхателя, превращается в страшный сон наяву. Ей страшно находиться в театре, играть на сцене, ходить по улицам - отовсюду может прийти смерть. Саша пытается выяснить, кто присылает букеты, но тщетно. А что, если тот, кто желает ей зла, человек из недалекого прошлого? Саша вспоминает о непростой ситуации, в которой когда-то находилась, и понимает, что отголоски тех событий могут привести ее прямо в руки убийце.
333 Примечание о целевом назначении __
a Примечание о целевом назначении 16+. Для детей старше 16 лет
606 Тематические рубрики __
a Основная рубрика Художественная литература
606 Тематические рубрики __
a Основная рубрика Современная русская литература (произведения)
610 Ключевые слова __
a Ключевые слова детективы
610 Ключевые слова __
a Ключевые слова женские детективы
610 Ключевые слова __
a Ключевые слова романы
610 Ключевые слова __
a Ключевые слова детективные романы
610 Ключевые слова __
a Ключевые слова тема угрозы
610 Ключевые слова __
a Ключевые слова тема преступлений
686 Индексы других классификаций __
2 Код системы rubbks
a Классификационный индекс 84(2=411.2)6-4
700 Автор _1
a Фамилия Соболева
b Имя Л. П.
f Даты 1975-
g Полное личное имя Лариса Павловна
4 Код отношения 070
801 Источник записи _0
a Страна RU
b Организация ГПНТБ России
c Дата составления 20200319
g Правила каталогизации PSBO
801 Источник записи _2
a Страна RU
b Организация Муниципальное бюджетное учреждение культуры "Централизованная библиотечная система" г. Сургут (Центральная городская библиотека им. А. С. Пушкина)
c Дата составления 20200319
852 Данные о местонахождении __
j Шифр хранения 84(2=411.2)6-4
i Авторский знак С 54
901 Тип документа __
a Ответственный КиК/Котельникова
t Тип документа m
903 Характеристики (МАРС) __
a Дата передачи 20200327
911 __
u 336a=Текст
911 __
u 337a=непосредственный
990 Данные о заказе (DOS) __
j Количество экземпляров (DOS) 1
t N записи в КСУ для И/У (DOS) 202004